书目信息 |
| 书名: | Advanced physics for Hong Kong | |
| 作者: | Tom Duncan. | |
| 分册号: | ||
| 分册名: | 出版地: | London : |
|
| 出版社: | John Murray | |
| 出版时间: | 1992. | |
| 页数: | 599 p. ; | |
| 开本: | 29cm. | |
| 丛书名: | ||
| 中图分类号: | ||
| 科图分类号: | ||
| 其他分类号: | O4 | |
| 主题词: | ||
| 电子资源: | ||
| 000 | 00386nam 2200145 a 4500 | |
| 001 | E0238773633 | |
| 005 | 2002042510461363 | |
| 008 | 020425s1992 00010 eng | |
| 020 | @a0-7195-5116-1 :@cRMB 12.00. | |
| 040 | @aPFT@beng | |
| 090 | @aO4 | |
| 099 | @dO4@eL283 | |
| 245 | @aAdvanced physics for Hong Kong / @cTom Duncan. | |
| 260 | @aLondon :@bJohn Murray,@c1992. | |
| 300 | @a599 p. ;@c29cm. | |
| Advanced physics for Hong Kong / / Tom Duncan.-London : : John Murray, , 1992. |
| 599 p. ; ; 29cm. |
| ISBN 0-7195-5116-1 :RMB 12.00. |
| ● |
| 相关链接 |
|
|
|
正题名:Advanced physics for Hong Kong
索取号:O4/L283
 
预约/预借
| 序号 | 登录号 | 条形码 | 馆藏地/架位号 | 状态 | 备注 |
| 1 | 03115 | 300031150 | 自科库401/401自科库 54排1列4层/ [索取号:O4/L283] | 在馆 | |
| 2 | 03116 | 300031169 | 自科库401/401自科库 54排1列4层/ [索取号:O4/L283] | 在馆 |